El peronismo de los 70 (i) : de cámpora a isabelita /

Guardado en:
Autor Principal: Terragno, Rodolfo
Formato: Libro
Publicado: Buenos Aires : Capital Intelectual, 2005
Series:Colección Claves para todos / dirigida por José Nun
Materias:
Etiquetas: Agregar Etiqueta
Sin Etiquetas, Sea el primero en etiquetar este registro!
LEADER 00700nam a22002175a 4500
001 CEM.cems013050
005 20081105085055.0
008 130507s2005##################000#0#####d
003 CEMS
020 |a 9871181213 
082 0 4 |a 982.06 
100 1 |a Terragno, Rodolfo 
245 1 0 |a El peronismo de los 70 (i) :  |b de cámpora a isabelita /  |c Rodolfo Terragno 
260 |a Buenos Aires :  |b Capital Intelectual,  |c 2005 
300 |a 95 p. 
490 0 |a Colección Claves para todos / dirigida por José Nun 
653 |a Historia 
653 |a Historia argentina 
653 |a Peronismo 1973-1974 
653 |a Historia política argentina 
859 |a CEMS  |b BIB. CEMS - 11 de abril  |h 982.06  |i T276  |p 25445.08  |t Ej.1  |v I  |3 I